| 000 | 00483nam a2200181 i 4500 | ||
|---|---|---|---|
| 001 | bg | ||
| 100 | 1 | _aBRESLER, Boris | |
| 245 | 0 |
_aDesign of steel-structures / _cBoris Bresler, T.Y. Lin, John B. Scalzi. |
|
| 260 |
_aNew York : _bJohn Wiley, _c1968. |
||
| 650 | 9 |
_aKonstrukcje budowlane _xteoria |
|
| 700 | 1 | _aLIN, T. Y. | |
| 700 | 1 | _aSCALZI, John B. | |
| 040 | _cBPK | ||
| 041 | _apol | ||
| 080 | _a624.014:624.07 | ||
| 942 | _cKS | ||
| 008 | s pl f |000 0 pol | ||
| 999 |
_c12479 _d12479 |
||
| 856 |
_uhttp://koha.tu.koszalin.pl/cgi-bin/koha/opac-detail.pl?biblionumber=12479 _yKatalog online BPK |
||